Todos Os Campeões Da Série B - Statistics

Estatísticas Gerais
  • Esse quiz foi jogado 87 vezes
  • A pontuação média é 39 de 43
Estatísticas das Respostas
Imagem Hint Resposta % Correto
1994 Juventude
100%
1990 Sport
100%
1997 América-MG
99%
2017 América-MG
99%
1989 Bragantino
99%
2019 Bragantino
99%
1999 Goiás
99%
2012 Goiás
99%
2005 Grêmio
99%
1981 Guarani
99%
1991 Paysandu
99%
2001 Paysandu
99%
2015 Botafogo
97%
2021 Botafogo
97%
2008 Corinthians
97%
2007 Coritiba
97%
2010 Coritiba
97%
2022 Cruzeiro
97%
2018 Fortaleza
97%
1980 Londrina
97%
2003 Palmeiras
97%
2013 Palmeiras
97%
1992 Paraná
97%
2000 Paraná
97%
2011 Portuguesa
97%
1972 Sampaio Corrêa
97%
2009 Vasco
97%
2023 Vitória
97%
2016 Atlético-GO
96%
2006 Atlético-MG
96%
2020 Chapecoense
96%
2002 Criciúma
96%
1995 Athletico-PR
92%
2004 Brasiliense
91%
1983 Juventus-SP
91%
2014 Joinville
90%
1998 Gama
86%
1985 Tuna Luso
72%
1988 Internacional de Limeira
69%
1971 Vila Nova-MG
62%
1984 Uberlândia
58%
1996 União São João
54%
1982 Campo Grande-RJ
41%
Nenhum quiz correspondente encontrado
Distribuição das Pontuações
Porcentagem de Pessoas com Cada Pontuação
Percentil de Números Respondidos
Sua Pontuação Histórica
Você não jogou esse quiz